The New Testament: Psalms / (Record no. 2359)
[ view plain ]
| 000 -LEADER | |
|---|---|
| fixed length control field | 00766cam a2200253I 4500 |
| 001 - CONTROL NUMBER | |
| control field | 556739 |
| 003 - CONTROL NUMBER IDENTIFIER | |
| control field | OSt |
| 005 - DATE AND TIME OF LATEST TRANSACTION | |
| control field | 20181011183400.0 |
| 008 - FIXED-LENGTH DATA ELEMENTS--GENERAL INFORMATION | |
| fixed length control field | 750912s1965 mnu 000 0 eng d |
| 035 ## - SYSTEM CONTROL NUMBER | |
| System control number | (OCoLC)ocm01621106 |
| 035 ## - SYSTEM CONTROL NUMBER | |
| System control number | (OCoLC)ocm01621106 |
| 040 ## - CATALOGING SOURCE | |
| Original cataloging agency | STU |
| Transcribing agency | STU |
| Modifying agency | OCL |
| -- | OCLCQ |
| 049 ## - LOCAL HOLDINGS (OCLC) | |
| Holding library | PTSS |
| 082 ## - DEWEY DECIMAL CLASSIFICATION NUMBER | |
| Classification number | REF 225.5 |
| 090 ## - LOCALLY ASSIGNED LC-TYPE CALL NUMBER (OCLC); LOCAL CALL NUMBER (RLIN) | |
| Classification number (OCLC) (R) ; Classification number, CALL (RLIN) (NR) | BS2085 |
| Local cutter number (OCLC) ; Book number/undivided call number, CALL (RLIN) | .M6 1965 |
| 130 0# - MAIN ENTRY--UNIFORM TITLE | |
| Uniform title | Bible. |
| Name of part/section of a work | N.T. |
| Language of a work | English. |
| Version | Authorized. |
| Date of a work | 1965. |
| 245 04 - TITLE STATEMENT | |
| Title | The New Testament: Psalms / |
| 250 ## - EDITION STATEMENT | |
| Edition statement | King James version, plus aids to Christian living; Special Crusade ed. |
| 260 ## - PUBLICATION, DISTRIBUTION, ETC. | |
| Place of publication, distribution, etc. | Minneapolis, |
| Name of publisher, distributor, etc. | Billy Graham Evangelistic Association |
| Date of publication, distribution, etc. | c1965 |
| 300 ## - PHYSICAL DESCRIPTION | |
| Extent | 692 p. : |
| 700 1# - ADDED ENTRY--PERSONAL NAME | |
| Personal name | Graham, Billy, |
| Dates associated with a name | 1918- |
| 710 2# - ADDED ENTRY--CORPORATE NAME | |
| Corporate name or jurisdiction name as entry element | Billy Graham Evangelistic Association. |
| 942 ## - ADDED ENTRY ELEMENTS (KOHA) | |
| Source of classification or shelving scheme | Dewey Decimal Classification |
| Koha item type | Reference |
| Withdrawn status | Lost status | Source of classification or shelving scheme | Damaged status | Not for loan | Collection code | Home library | Current library | Shelving location | Date acquired | Total Checkouts | Full call number | Barcode | Date last seen | Price effective from | Koha item type |
|---|---|---|---|---|---|---|---|---|---|---|---|---|---|---|---|
| Dewey Decimal Classification | Not For Loan | Reference | Harvest Mission College | Harvest Mission College | Reference | 11.10.2018 | REF 225.5 | 000806 | 11.10.2018 | 11.10.2018 | Reference |
